[Event "Val Thorens Open"]
[Site "Val Thorens FRA"]
[Date "1995.??.??"]
[Round "?"]
[White "Georgiev, Vladimir"]
[Black "Vareille, Francois"]
[Result "1-0"]
[WhiteElo "2450"]
[BlackElo "2390"]
[PlyCount "107"]
[EventDate "1995.??.??"]
[Source "www.chesslib.no"]
[SourceDate "2004.05.04"]

1. e4 e6 2. d4 d5 3. Nc3 Bb4 4. e5 c5 5. Qg4 Ne7 6. Nf3 cxd4 7. Nxd4 Ng6 8. Bd3 Qc7 9. O-O Bxc3 10. Nb5 Qxe5 11. bxc3 O-O 12. Ba3 Rd8 13. Rfe1 Qf6 14. Bxg6 hxg6 15. Nc7 Qxc3 16. Qg3 Qxg3 17. hxg3 Na6 18. Nxa8 Bd7 19. Rab1 Bc6 20. Nb6 axb6 21. Rxb6 Nc7 22. Bc5 Ra8 23. a3 Ra5 24. Rxc6 bxc6 25. Bb6 Rxa3 26. Bxc7 Rc3 27. Re2 f6 28. Rxe6 Rxc2 29. Re7 Rc1+ 30. Kh2 c5 31. Bb6 c4 32. Rc7 Rd1 33. Kh3 Rd3 34. Kg4 Kh7 35. Bc5 Kg8 36. Kf4 Rb3 37. g4 Rd3 38. g5 Rd2 39. gxf6 gxf6 40. Ke3 Rd3+ 41. Ke2 f5 42. Ra7 Rb3 43. Bd4 Kf8 44. Be5 f4 45. Ra5 Kf7 46. Rxd5 Ke6 47. Rc5 g5 48. Bg7 g4 49. Rxc4 Kf5 50. Bc3 Ra3 51. Rc5+ Kg6 52. Bd2 f3+ 53. gxf3 gxf3+ 54. Kf1 1-0

[Event "Katowice Open"]
[Site "Katowice POL"]
[Date "1995.??.??"]
[Round "4"]
[White "Pinkas, Karol"]
[Black "Matlak, Marek"]
[Result "1/2-1/2"]
[WhiteElo "2370"]
[BlackElo "2465"]
[PlyCount "42"]
[EventDate "1995.??.??"]
[Source "www.chesslib.no"]
[SourceDate "2004.05.04"]

1. e4 e6 2. d4 d5 3. Nc3 Bb4 4. e5 c5 5. Qg4 Ne7 6. dxc5 Nbc6 7. Bd2 O-O 8. O-O-O Bxc5 9. Nf3 Ng6 10. Qh5 Bd7 11. Bd3 Nb4 12. Bg5 Be7 13. h4 Rc8 14. Rh3 Nxd3+ 15. Rxd3 f6 16. exf6 Bxf6 17. Rg3 Qe8 18. Bxf6 Rxf6 19. Ng5 Nf8 20. Qxe8 Bxe8 21. Rgf3 Bh5 1/2-1/2

[Event "Podolsk"]
[Site "Podolsk"]
[Date "1991.??.??"]
[Round "?"]
[White "Murey, Jacob"]
[Black "Poldauf, Dirk"]
[Result "1-0"]
[WhiteElo "2450"]
[BlackElo "2385"]
[PlyCount "63"]
[EventDate "1991.10.??"]
[Source "ChessBase"]

1. e4 e6 2. d4 d5 3. Nc3 Bb4 4. e5 c5 5. Qg4 Ne7 6. Nf3 Nbc6 7. a3 Bxc3+ 8. bxc3 Kf8 9. Bd3 Qa5 10. Bd2 Qa4 11. Qh5 h6 12. dxc5 Qa5 13. O-O Qxc5 14. Rfb1 Na5 15. Ng5 g6 16. Qh4 Nc4 17. Nxf7 Kxf7 18. Qf6+ Kg8 19. Bxg6 Nxe5 20. Bh5 N7c6 21. Bf4 Qf8 22. Bxe5 Qxf6 23. Bxf6 Rh7 24. Re1 Rc7 25. Re3 Kh7 26. f4 Bd7 27. f5 exf5 28. Rae1 f4 29. Re7+ Nxe7 30. Rxe7+ Kg8 31. Rg7+ Kf8 32. Rh7 1-0

[Event "Corr"]
[Site "?"]
[Date "2000.09.25"]
[Round "?"]
[White "Ponelis Prof.Albert A.(RSA)"]
[Black "Sinka Istvan"]
[Result "0-1"]
[WhiteElo "2291"]
[BlackElo "2540"]
[PlyCount "40"]
[EventDate "2000.??.??"]
[Source "www.chesslib.no"]
[SourceDate "2004.05.04"]

1. e4 e6 2. d4 d5 3. Nc3 Bb4 4. e5 c5 5. Qg4 Ne7 6. Nf3 Ng6 7. Bd2 cxd4 8. Qxd4 Nc6 9. Bb5 Ba5 10. Bxc6+ bxc6 11. O-O Bb6 12. Qd3 f6 13. exf6 gxf6 14. Rfe1 Kf7 15. Bh6 e5 16. Rad1 Rg8 17. Nd2 Bg4 18. Rc1 Qd7 19. Nf1 e4 20. Nxe4 dxe4 0-1

[Event "RUS-ch"]
[Site "Krasnodar"]
[Date "2002.08.29"]
[Round "3"]
[White "Frolyanov, Dmitry"]
[Black "Alikhanov, Felix"]
[Result "1/2-1/2"]
[WhiteElo "2448"]
[BlackElo "2364"]
[PlyCount "106"]
[EventDate "2002.08.27"]
[Source "ChessBase"]
[SourceDate "2002.11.12"]

1. e4 e6 2. d4 d5 3. Nc3 Bb4 4. e5 c5 5. Qg4 Ne7 6. dxc5 Nbc6 7. Bd2 O-O 8. Nf3 f5 9. exf6 Rxf6 10. O-O-O e5 11. Qh5 g6 12. Qg5 Rf5 13. Qg3 Bxc5 14. Bg5 Qb6 15. Na4 Qb4 16. Nxc5 Qxc5 17. Bxe7 Nxe7 18. Nxe5 Rxf2 19. Qc3 Qxc3 20. bxc3 Bf5 21. Rd2 Rxd2 22. Kxd2 Be4 23. Nf3 Bxf3 24. gxf3 Rf8 25. Be2 Kf7 26. Rb1 b6 27. c4 Rd8 28. Kc3 Kf6 29. a4 Nc6 30. cxd5 Rxd5 31. Bd3 Ne5 32. Be4 Rc5+ 33. Kd2 Kg5 34. Ke3 Nc4+ 35. Kd4 Kf4 36. Ra1 Ne5 37. Ra3 h5 38. a5 Rc7 39. Kd5 g5 40. axb6 axb6 41. Rb3 Rd7+ 42. Ke6 Rd2 43. Bd5 Nd7 44. Rb4+ Ke3 45. c4 Nc5+ 46. Kf5 Rxh2 47. Kxg5 h4 48. Rxb6 h3 49. f4 Ne4+ 50. Kf5 Nc3 51. Rh6 Kd4 52. Kg4 Nxd5 53. Rxh3 Rxh3 1/2-1/2

[Event "Ceske Budejovice Open"]
[Site "Ceske Budejovice CZE"]
[Date "1995.??.??"]
[Round "6"]
[White "Meister, Yakov"]
[Black "Cech, Pavel"]
[Result "1-0"]
[WhiteElo "2450"]
[BlackElo "2360"]
[PlyCount "79"]
[EventDate "1995.??.??"]
[Source "www.chesslib.no"]
[SourceDate "2004.05.04"]

1. e4 e6 2. d4 d5 3. Nc3 Bb4 4. e5 c5 5. Qg4 Ne7 6. dxc5 Bxc3+ 7. bxc3 Nd7 8. Qxg7 Rg8 9. Qxh7 Nxe5 10. Bd3 Nxd3+ 11. cxd3 e5 12. Nf3 Bf5 13. Qh4 Qa5 14. Bd2 Qxc5 15. O-O Bxd3 16. Rfe1 O-O-O 17. Rxe5 Ng6 18. Qh3+ f5 19. Re6 Be4 20. Ng5 Qc7 21. Nxe4 dxe4 22. Rxg6 Rxg6 23. Qxf5+ Qd7 24. Qxg6 Qxd2 25. Qxe4 Qxc3 26. Rb1 Qc7 27. h4 Kb8 28. g3 a6 29. Kg2 Ka8 30. h5 Qf7 31. Qf3 Qh7 32. Rb6 Ka7 33. Rf6 Qb1 34. Rf7 Rd3 35. Qf5 Qc2 36. Kh2 Qc4 37. Re7 Rd5 38. Re4 Rxf5 39. Rxc4 Rxf2+ 40. Kh3 1-0

[Event "EU-chT (Men)"]
[Site "Pula"]
[Date "1997.??.??"]
[Round "5"]
[White "Mantovani, Renzo"]
[Black "Zaja, Ivan"]
[Result "1-0"]
[WhiteElo "2365"]
[BlackElo "2440"]
[PlyCount "49"]
[EventDate "1997.05.05"]
[Source "ChessBase"]

1. e4 e6 2. d4 d5 3. Nc3 Bb4 4. e5 c5 5. Qg4 Ne7 6. Nf3 Nbc6 7. Bb5 Qa5 8. O-O Bxc3 9. Bxc6+ bxc6 10. bxc3 Qxc3 11. Qxg7 Rg8 12. Qxh7 Ba6 13. Bd2 Qxf3 14. Qxg8+ Nxg8 15. gxf3 Bxf1 16. Kxf1 cxd4 17. Rb1 O-O-O 18. Bb4 Rd7 19. Bc5 Rb7 20. Rxb7 Kxb7 21. h4 Ka6 22. Bxd4 Nh6 23. h5 Nf5 24. Be3 d4 25. Bxd4 1-0

[Event "US Open"]
[Site "St Paul"]
[Date "1982.??.??"]
[Round "8"]
[White "Strenzwilk, Denis"]
[Black "Bradford, Joseph M"]
[Result "0-1"]
[WhiteElo "2283"]
[BlackElo "2522"]
[PlyCount "80"]
[EventDate "1982.08.??"]
[Source "www.chesslib.no"]
[SourceDate "2004.05.04"]

1. e4 e6 2. d4 d5 3. Nc3 Bb4 4. e5 c5 5. Qg4 Ne7 6. dxc5 Nbc6 7. Bd2 O-O 8. Nf3 f5 9. Qg3 Ng6 10. Bd3 d4 11. Nb5 Bxd2+ 12. Kxd2 a6 13. Nd6 Qa5+ 14. Kd1 Qxc5 15. Re1 b5 16. h4 Bd7 17. a3 Nge7 18. Re2 Nc8 19. Nxc8 Raxc8 20. Qf4 Qd5 21. Ke1 Be8 22. Kf1 Bh5 23. Ree1 h6 24. Be2 Qe4 25. Qd2 Rfd8 26. Bc4 bxc4 27. Rxe4 fxe4 28. Nh2 d3 29. g4 Bg6 30. h5 e3 31. Qxe3 dxc2 32. Re1 Rd1 33. hxg6 Rcd8 34. Qf4 Rxe1+ 35. Kxe1 Rd1+ 36. Ke2 Nd8 37. Qxc4 c1=Q 38. Qa4 Re1+ 39. Kf3 Qc6+ 40. Qxc6 Nxc6 0-1

[Event "CUB-ch"]
[Site "CUB"]
[Date "1982.??.??"]
[Round "2"]
[White "Diaz, Joaquin C"]
[Black "Vilela, Jose Luis"]
[Result "1/2-1/2"]
[WhiteElo "2360"]
[BlackElo "2445"]
[PlyCount "108"]
[EventDate "1982.??.??"]
[Source "ChessBase"]

1. e4 e6 2. d4 d5 3. Nc3 Bb4 4. e5 c5 5. Qg4 Ne7 6. Nf3 Nbc6 7. a3 Bxc3+ 8. bxc3 Qc7 9. Bd2 O-O 10. Bd3 f5 11. exf6 Rxf6 12. Qh5 g6 13. Qh4 Rf8 14. O-O Nf5 15. Bxf5 Rxf5 16. Rfe1 Qg7 17. Bh6 Qf7 18. Ng5 Qf6 19. Rad1 cxd4 20. cxd4 Bd7 21. Qg3 Re8 22. Nf3 Bc8 23. h4 Qe7 24. Ng5 Qf6 25. c3 Nd8 26. Nf3 Nf7 27. Bg5 Qg7 28. Bc1 Qf8 29. Re2 Nd6 30. Ng5 Nf7 31. Rde1 Nxg5 32. Bxg5 h6 33. Bc1 Kh7 34. Qe3 Qg7 35. g3 Ref8 36. f4 h5 37. Qd3 Qf7 38. Re5 Qc7 39. a4 Bd7 40. Ba3 R8f7 41. Qc2 Qc4 42. Bb4 b6 43. a5 bxa5 44. Bxa5 Qb5 45. Qa2 Qd3 46. R5e3 Qb5 47. Bc7 Bc8 48. Be5 Rb7 49. g4 hxg4 50. Qg2 Qb2 51. Qxg4 Qc2 52. R3e2 Qd3 53. Re3 Qc2 54. R3e2 Qd3 1/2-1/2

[Event "White Nights, St Petersburg RUS"]
[Site "?"]
[Date "2001.??.??"]
[Round "2"]
[White "Meister, Y."]
[Black "Borisenko, An"]
[Result "1/2-1/2"]
[WhiteElo "2450"]
[BlackElo "2355"]
[PlyCount "137"]
[EventDate "2001.??.??"]
[Source "www.chesslib.no"]
[SourceDate "2004.05.04"]

1. e4 e6 2. d4 d5 3. Nc3 Bb4 4. e5 c5 5. Qg4 Ne7 6. dxc5 Nbc6 7. Bd2 O-O 8. Nf3 Ng6 9. O-O-O Bxc5 10. Qh5 Bd7 11. Kb1 f6 12. exf6 Rxf6 13. Bg5 Be7 14. Bd3 Nf8 15. h4 Be8 16. Qg4 Qb6 17. h5 h6 18. Be3 Qa5 19. Rh3 Nd7 20. Rg3 Bf8 21. Be2 Rc8 22. Nd4 Nce5 23. Qh3 Rxc3 24. bxc3 Nb6 25. Nb3 Qa3 26. Bc1 Qe7 27. Qh4 Kh8 28. Qd4 Nec4 29. f4 Na3+ 30. Bxa3 Qxa3 31. Ka1 Be7 32. Re3 Bxh5 33. Bxh5 Nc4 34. Rb1 e5 35. Qxd5 Ra6 36. Nc1 Nxe3 37. Qd2 exf4 38. Rxb7 Rb6 39. Rxb6 axb6 40. Nb3 Nc4 41. Qc1 Bf6 42. Qxa3 Bxc3+ 43. Kb1 Nxa3+ 44. Kc1 Nc4 45. Bf3 g5 46. Kd1 g4 47. Bb7 Kg7 48. Ke2 Nd6 49. Bc6 Kf6 50. Kd3 Be1 51. c4 Bf2 52. Ke2 Bg1 53. Bd5 Ke5 54. a4 Ne4 55. a5 Nc3+ 56. Kf1 Nxd5 57. Kxg1 bxa5 58. Nxa5 Ne3 59. Nc6+ Ke4 60. c5 f3 61. gxf3+ gxf3 62. Ne7 Kf4 63. Kf2 Ng4+ 64. Kf1 f2 65. Ke2 Kg3 66. Nf5+ Kg2 67. Nh4+ Kg1 68. Nf3+ Kg2 69. Nh4+ 1/2-1/2

[Event "Antwerp Open"]
[Site "Antwerp BEL"]
[Date "1993.??.??"]
[Round "6"]
[White "Murey, Jacob I"]
[Black "Klein, Lawrence"]
[Result "1-0"]
[WhiteElo "2530"]
[BlackElo "2270"]
[PlyCount "81"]
[EventDate "1993.08.??"]
[Source "www.chesslib.no"]
[SourceDate "2004.05.04"]

1. e4 e6 2. d4 d5 3. Nc3 Bb4 4. e5 c5 5. Qg4 Ne7 6. Nf3 Nf5 7. a3 h5 8. Qf4 Bxc3+ 9. bxc3 Qa5 10. Bd2 c4 11. Nh4 Nc6 12. Nxf5 exf5 13. a4 Be6 14. Qg5 Kf8 15. Be2 h4 16. O-O Qd8 17. Rfb1 b6 18. Qxd8+ Rxd8 19. Bg5 Rb8 20. h3 Ke8 21. Bf3 Kd7 22. Rb5 a6 23. Rxd5+ Bxd5 24. Bxd5 Nd8 25. Bxc4 Rc8 26. Bd3 Rxc3 27. Bxf5+ Kc7 28. d5 Kb7 29. Re1 Rc5 30. Bd3 Kc7 31. c4 Rh5 32. f4 Ra5 33. e6 fxe6 34. dxe6 Nxe6 35. Rxe6 Rxa4 36. Re8 Ra1+ 37. Kh2 Kd7 38. Rg8 Ke6 39. Rxg7 Rh8 40. Rg6+ Kd7 41. Bf6 1-0

[Event "GER-W chT 7778"]
[Site "GER"]
[Date "1978.??.??"]
[Round "?"]
[White "Dueball, Juergen"]
[Black "Reefschlaeger, Helmut"]
[Result "0-1"]
[WhiteElo "2450"]
[BlackElo "2350"]
[PlyCount "62"]
[EventDate "1977.??.??"]
[Source "www.chesslib.no"]
[SourceDate "2004.05.04"]

1. e4 e6 2. d4 d5 3. Nc3 Bb4 4. e5 c5 5. Qg4 Ne7 6. dxc5 Nbc6 7. Nf3 d4 8. a3 Qa5 9. Rb1 dxc3 10. Be3 Nf5 11. axb4 Nxb4 12. Bc4 Nxc2+ 13. Ke2 Ncxe3 14. fxe3 Qxc5 15. Qe4 Bd7 16. b4 Qb6 17. Rhc1 Rc8 18. Rxc3 Bc6 19. Qf4 O-O 20. Rbb3 Ba4 21. Rb1 Rxc4 22. Rxc4 Bb5 23. Nd2 Rc8 24. Ke1 Bxc4 25. Nxc4 Qc6 26. Rd1 Qxg2 27. Rd2 Qg1+ 28. Qf1 Qxf1+ 29. Kxf1 Kf8 30. Nd6 Nxd6 31. exd6 Rd8 0-1

[Event "RUS-Cup"]
[Site "Tula "]
[Date "1999.??.??"]
[Round "6"]
[White "Chigvintsev, Andrei"]
[Black "Sambuev, Bator"]
[Result "1/2-1/2"]
[WhiteElo "2387"]
[BlackElo "2409"]
[PlyCount "120"]
[EventDate "1999.??.??"]
[Source "www.chesslib.no"]
[SourceDate "2004.05.04"]

1. e4 e6 2. d4 d5 3. Nc3 Bb4 4. e5 c5 5. Qg4 Ne7 6. dxc5 Nbc6 7. Bd2 O-O 8. Nf3 f5 9. Qg3 d4 10. Ne2 Bxd2+ 11. Kxd2 Qa5+ 12. Kd1 Qb4 13. Nd2 Qxb2 14. Rb1 Qxa2 15. Nf4 Nxe5 16. h4 Nd5 17. Nxd5 Qxd5 18. h5 h6 19. Rh4 a5 20. Rb5 Nc6 21. Nc4 Nb4 22. Qa3 Qd8 23. g3 Nc6 24. Nd6 Qe7 25. Bg2 e5 26. Bd5+ Kh8 27. f4 e4 28. Rb6 d3 29. cxd3 e3 30. Rh1 Ra7 31. Re1 a4 32. Bxc6 bxc6 33. d4 Qf6 34. Rb4 Be6 35. Rxe3 Rfa8 36. Kd2 Bf7 37. Re5 Bxh5 38. Rxf5 Qg6 39. Re5 Qg4 40. Re1 Qh3 41. Re3 Qg2+ 42. Kc3 Qf2 43. Nc4 Bg6 44. Rb2 Qf1 45. Rbe2 Qb1 46. g4 Rb8 47. Nb6 Qg1 48. g5 h5 49. Kb4 Qd1 50. Qb2 a3 51. Rxa3 Rxa3 52. Kxa3 Qd3+ 53. Kb4 Bf7 54. Re7 Bd5 55. f5 Qxf5 56. Re5 Qd3 57. g6 Qxg6 58. Qc1 Kg8 59. Qe1 Bf7 60. Re4 Qg2 1/2-1/2

[Event "RUS-ch sf"]
[Site "?"]
[Date "2003.??.??"]
[Round "6"]
[White "Zaitsev Alexander Jr"]
[Black "Lysyj Igor"]
[Result "1/2-1/2"]
[WhiteElo "2355"]
[BlackElo "2441"]
[PlyCount "20"]
[EventDate "2003.??.??"]
[Source "www.chesslib.no"]
[SourceDate "2004.05.04"]

1. e4 e6 2. d4 d5 3. Nc3 Bb4 4. e5 c5 5. Qg4 Ne7 6. a3 Qa5 7. Bd2 cxd4 8. axb4 Qxa1+ 9. Nd1 Ng6 10. Nf3 Nd7 1/2-1/2

[Event "Cappelle Open"]
[Site "Cappelle la Grande FRA"]
[Date "1993.??.??"]
[Round "7"]
[White "Murey, Jacob I"]
[Black "Gislason, Gudmundur"]
[Result "1-0"]
[WhiteElo "2530"]
[BlackElo "2265"]
[PlyCount "81"]
[EventDate "1993.02.??"]
[Source "www.chesslib.no"]
[SourceDate "2004.05.04"]

1. e4 e6 2. d4 d5 3. Nc3 Bb4 4. e5 c5 5. Qg4 Ne7 6. Nf3 Nbc6 7. a3 Bxc3+ 8. bxc3 Nf5 9. Bd3 h5 10. Qf4 c4 11. Bxf5 exf5 12. a4 Be6 13. Ba3 h4 14. g3 hxg3 15. fxg3 Rh5 16. h4 Qa5 17. Kd2 O-O-O 18. Rhb1 Rdh8 19. Bd6 Qd8 20. Rb5 g5 21. Nxg5 Rxg5 22. Qxg5 Qxg5+ 23. hxg5 Rh2+ 24. Kc1 Rg2 25. Kb2 Rxg3 26. a5 Rxg5 27. Rh1 Rg8 28. Ka3 a6 29. Rb6 Nxa5 30. Rhb1 Rg2 31. Ka4 Rxc2 32. Kxa5 Ra2+ 33. Kb4 Bd7 34. e6 Ra4+ 35. Kc5 Ra5+ 36. R6b5 axb5 37. exd7+ Kxd7 38. Kxd5 b4+ 39. Bc5 bxc3 40. Rxb7+ Kc8 41. Rb1 1-0

[Event "Lyngby Open"]
[Site "Lyngby DEN"]
[Date "1990.??.??"]
[Round "9"]
[White "Deev, Andrei"]
[Black "Luther, Thomas"]
[Result "0-1"]
[WhiteElo "2390"]
[BlackElo "2405"]
[PlyCount "30"]
[EventDate "1990.??.??"]
[Source "www.chesslib.no"]
[SourceDate "2004.05.04"]

1. e4 e6 2. d4 d5 3. Nc3 Bb4 4. e5 c5 5. Qg4 Ne7 6. a3 Ba5 7. Qxg7 Rg8 8. Qxh7 cxd4 9. b4 Bc7 10. Nb5 a6 11. Nxd4 Bxe5 12. Bb2 Qc7 13. Ngf3 Nbc6 14. O-O-O Bf6 15. Re1 Nxd4 0-1

[Event "Randers zt-f"]
[Site "Randers"]
[Date "1982.??.??"]
[Round "4"]
[White "Murey, Jacob"]
[Black "Tiller, Bjorn"]
[Result "1-0"]
[WhiteElo "2475"]
[BlackElo "2320"]
[PlyCount "61"]
[EventDate "1982.01.??"]
[Source "ChessBase"]

1. e4 e6 2. d4 d5 3. Nc3 Bb4 4. e5 c5 5. Qg4 Ne7 6. Nf3 Nbc6 7. a3 Qa5 8. Bd2 cxd4 9. Nxd4 Nxd4 10. Qxd4 Nc6 11. Qg4 Bf8 12. Nb5 Qd8 13. O-O-O Nxe5 14. Qg3 f6 15. f4 Nc6 16. f5 e5 17. Qf3 Qd7 18. Be3 d4 19. Bc4 Bc5 20. Rhe1 a6 21. Bxd4 Bxd4 22. Nxd4 Nxd4 23. Rxd4 Qxd4 24. Qh5+ Kd8 25. Rd1 Qxd1+ 26. Kxd1 b5 27. Qf7 Bd7 28. Be6 Ra7 29. Qxg7 Re8 30. Qxf6+ Kc8 31. Bd5 1-0

[Event "CSR-ch"]
[Site "Marianske Lazne"]
[Date "1978.??.??"]
[Round "12"]
[White "Banas, Jan"]
[Black "Prandstetter, Eduard"]
[Result "1/2-1/2"]
[WhiteElo "2385"]
[BlackElo "2405"]
[PlyCount "43"]
[EventDate "1978.??.??"]
[Source "ChessBase"]

1. e4 e6 2. d4 d5 3. Nc3 Bb4 4. e5 c5 5. Qg4 Ne7 6. Nf3 Nbc6 7. dxc5 d4 8. Bb5 Qa5 9. Bxc6+ bxc6 10. Qxd4 Nf5 11. Qc4 Ba6 12. Qb3 Qb5 13. Kd1 Qxc5 14. Bd2 Bc4 15. Qa4 Bxc3 16. Bxc3 O-O 17. Nd2 Rfd8 18. Kc1 Bd5 19. Qf4 Bxg2 20. Rg1 Bd5 21. Nb3 Qc4 22. Qxc4 1/2-1/2

[Event "Ostrava zt (Women)"]
[Site "Ostrava"]
[Date "1999.05.24"]
[Round "3"]
[White "Krupkova, Petra"]
[Black "Socko, Monika"]
[Result "1/2-1/2"]
[WhiteElo "2349"]
[BlackElo "2440"]
[PlyCount "89"]
[EventDate "1999.05.??"]
[Source "ChessBase"]
[SourceDate "1999.07.10"]

1. e4 e6 2. d4 d5 3. Nc3 Bb4 4. e5 c5 5. Qg4 Ne7 6. dxc5 Nbc6 7. Nf3 d4 8. Bb5 Bxc3+ 9. bxc3 Qa5 10. Bxc6+ bxc6 11. Qxd4 Rb8 12. O-O Ba6 13. Re1 O-O 14. Be3 Rfd8 15. Qe4 Qxc3 16. Bg5 Qxc5 17. Bxe7 Qxe7 18. Qxc6 Bb7 19. Qc3 Rbc8 20. Qe3 Bxf3 21. Qxf3 Rxc2 22. Re2 Rc5 23. g3 h6 24. Rb1 Rcd5 25. Kg2 Qc7 26. Qe4 Rd4 27. Qb7 Qc4 28. Rbe1 Qc5 29. Re4 R4d7 30. Qb4 Qc6 31. Qa4 Qa8 32. Kg1 Rd5 33. h4 a5 34. Kh2 Qa7 35. Kg2 Qb7 36. Kg1 Qb6 37. Qb3 Rb5 38. Qe3 Qb7 39. Rd4 Rdd5 40. Rxd5 Qxd5 41. Qe2 a4 42. Qc2 Rb4 43. Qc8+ Kh7 44. Qc2+ Kg8 45. Qc8+ 1/2-1/2

[Event "Bermuda Open"]
[Site "?"]
[Date "2003.02.09"]
[Round "5"]
[White "Curdo John"]
[Black "Berg Emanuel"]
[Result "0-1"]
[WhiteElo "2254"]
[BlackElo "2527"]
[PlyCount "50"]
[EventDate "2003.??.??"]
[Source "www.chesslib.no"]
[SourceDate "2004.05.04"]

1. e4 e6 2. d4 d5 3. Nc3 Bb4 4. e5 c5 5. Qg4 Ne7 6. Nf3 Nbc6 7. Bd2 cxd4 8. Nxd4 Nxd4 9. Qxd4 Nc6 10. Qg4 O-O 11. a3 Bxc3 12. Bxc3 Qb6 13. Bd3 Qc5 14. Qh3 h6 15. f4 b5 16. g4 b4 17. Bd2 f6 18. exf6 Rxf6 19. g5 e5 20. Qh4 Nd4 21. Rf1 Re6 22. gxh6 e4 23. f5 exd3+ 24. fxe6 Nxc2+ 25. Kd1 Ne3+ 0-1

[Event "Frydek Mistek Open"]
[Site "Frydek Mistek CZE"]
[Date "1995.??.??"]
[Round "?"]
[White "Pinkas, Karol"]
[Black "Blees, Albert"]
[Result "0-1"]
[WhiteElo "2370"]
[BlackElo "2410"]
[PlyCount "89"]
[EventDate "1995.??.??"]
[Source "www.chesslib.no"]
[SourceDate "2004.05.04"]

1. e4 e6 2. d4 d5 3. Nc3 Bb4 4. e5 c5 5. Qg4 Ne7 6. dxc5 Nbc6 7. Bd2 O-O 8. O-O-O b6 9. Bb5 Bxc3 10. Bxc3 bxc5 11. Nf3 d4 12. Bd2 Qd5 13. c4 Nxe5 14. Nxe5 Qxe5 15. Qf4 Ng6 16. Qf3 Rb8 17. Rde1 Qd6 18. Qg3 Qb6 19. Qa3 Bb7 20. f3 Bc6 21. Bxc6 Qxc6 22. h4 Rb6 23. h5 Ra6 24. Qb3 Ne7 25. h6 g6 26. Kb1 Rb6 27. Qc2 Rfb8 28. Bc1 Nf5 29. g4 Nd6 30. Qe2 Qa4 31. Qe5 Rxb2+ 32. Bxb2 Rxb2+ 33. Kxb2 Nxc4+ 34. Ka1 Nxe5 35. Rxe5 d3 36. Re4 Qc2 37. Ree1 Qc3+ 38. Kb1 Qb4+ 39. Ka1 Qd4+ 40. Kb1 c4 41. Re4 Qb6+ 42. Ka1 c3 43. Rb1 c2 44. Rxb6 c1=Q+ 45. Rb1 0-1

[Event "BCF-ch"]
[Site "Plymouth"]
[Date "1992.??.??"]
[Round "1"]
[White "Hebden, Mark"]
[Black "Mack, Andrew"]
[Result "1-0"]
[WhiteElo "2510"]
[BlackElo "2270"]
[PlyCount "77"]
[EventDate "1992.08.??"]
[Source "ChessBase"]

1. e4 e6 2. d4 d5 3. Nc3 Bb4 4. e5 c5 5. Qg4 Ne7 6. Nf3 Nbc6 7. a3 Bxc3+ 8. bxc3 Qc7 9. Rb1 O-O 10. Bd3 f5 11. exf6 Rxf6 12. Qh3 g6 13. Qh4 Rf7 14. Qg3 Qa5 15. Ng5 Rg7 16. dxc5 e5 17. O-O e4 18. Bb5 Nf5 19. Qf4 h6 20. Nh3 g5 21. Qd2 Qd8 22. Kh1 Ne5 23. Re1 Nh4 24. Ng1 Bf5 25. c4 a6 26. Bb2 Re7 27. Bxe5 Rxe5 28. Qd4 Qe7 29. Ba4 dxc4 30. Qxc4+ Kh7 31. Qb4 Rxc5 32. Qxb7 Ra7 33. Qb4 Qe5 34. Rbd1 Rac7 35. Bb3 Ng6 36. Ne2 Nf4 37. Ng3 a5 38. Qb8 Bg6 39. Qg8# 1-0

[Event "Cappelle Open"]
[Site "Cappelle la Grande FRA"]
[Date "1992.??.??"]
[Round "3"]
[White "Lalic, Susan"]
[Black "Naumkin, Igor"]
[Result "0-1"]
[WhiteElo "2320"]
[BlackElo "2460"]
[PlyCount "60"]
[EventDate "1992.02.??"]
[Source "www.chesslib.no"]
[SourceDate "2004.05.04"]

1. e4 e6 2. d4 d5 3. Nc3 Bb4 4. e5 c5 5. Qg4 Ne7 6. Nf3 cxd4 7. Nxd4 O-O 8. Bd3 Ng6 9. Bxg6 fxg6 10. O-O Be7 11. Bf4 Nc6 12. Bg3 h5 13. Nxc6 bxc6 14. Qxg6 h4 15. Ne2 hxg3 16. fxg3 Qe8 17. Rxf8+ Qxf8 18. Nd4 Bc5 19. c3 Qf7 20. Qg5 Ba6 21. h3 Rf8 22. Kh2 Bxd4 23. cxd4 Qf2 24. Qg6 Bf1 25. Qxe6+ Kh7 26. Rxf1 Qxf1 27. Qxc6 Qe1 28. Qc2+ Qe4 29. Qd2 Rf1 30. Qg5 Qxd4 0-1

[Event "ESP Team Ch"]
[Site "ESP"]
[Date "1992.??.??"]
[Round "2"]
[White "Fernandez Garcia, Jose L"]
[Black "Anguix Garrido, Juan F"]
[Result "0-1"]
[WhiteElo "2475"]
[BlackElo "2300"]
[PlyCount "86"]
[EventDate "1992.??.??"]
[Source "www.chesslib.no"]
[SourceDate "2004.05.04"]

1. e4 e6 2. d4 d5 3. Nc3 Bb4 4. e5 c5 5. Qg4 Ne7 6. Nf3 cxd4 7. Nxd4 Ng6 8. Bd3 O-O 9. Bxg6 fxg6 10. O-O Bc5 11. Be3 Bb6 12. Rfe1 Nc6 13. Nxc6 bxc6 14. Na4 d4 15. Bg5 Qd5 16. Qe4 Qxe4 17. Rxe4 c5 18. Be7 Bb7 19. Bxf8 Bxe4 20. Bxc5 Bxc5 21. Nxc5 Bxc2 22. Kf1 Rb8 23. b3 Rb5 24. Nxe6 Rd5 25. Nf4 Rxe5 26. g3 d3 27. Ng2 d2 28. Ne3 Rxe3 29. fxe3 d1=Q+ 30. Rxd1 Bxd1 31. Ke1 Bf3 32. Kd2 Kf7 33. Kd3 Ke6 34. Kd4 Bb7 35. b4 g5 36. b5 a6 37. bxa6 Bxa6 38. a4 h5 39. e4 g6 40. h4 gxh4 41. gxh4 Bf1 42. e5 Bg2 43. a5 Bb7 0-1

[Event "Thessaloniki ol (Men)"]
[Site "Thessaloniki GRE"]
[Date "1988.??.??"]
[Round "2"]
[White "Fernandez Garcia, Jose L"]
[Black "Thomson, Craig S M"]
[Result "1/2-1/2"]
[WhiteElo "2435"]
[BlackElo "2340"]
[PlyCount "90"]
[EventDate "1988.11.??"]
[Source "www.chesslib.no"]
[SourceDate "2004.05.04"]

1. e4 e6 2. d4 d5 3. Nc3 Bb4 4. e5 c5 5. Qg4 Ne7 6. Nf3 cxd4 7. Nxd4 Ng6 8. Bd3 Bd7 9. O-O Bc5 10. Nf3 Nc6 11. Re1 Nb4 12. Be3 Be7 13. Bg5 Bxg5 14. Nxg5 Nxd3 15. cxd3 h6 16. Nf3 O-O 17. Ne2 Qb6 18. Qd4 Qxd4 19. Nexd4 Rfc8 20. g3 Rc7 21. Rac1 Rac8 22. Rxc7 Rxc7 23. Kf1 Kf8 24. h4 Ne7 25. Ke2 Nc6 26. Nb5 Rc8 27. Nd6 Rc7 28. Nb5 Rc8 29. Nd6 Rc7 30. Kd2 Ke7 31. Rc1 f5 32. Nd4 a6 33. f4 Kd8 34. Nxc6+ Bxc6 35. Ke3 g6 36. Kd4 Rg7 37. Rh1 Kc7 38. Rh2 Kb6 39. b4 Bd7 40. a3 Bc6 41. Kc3 Ba4 42. Kd4 h5 43. Nc8+ Kc7 44. Nd6 Kb6 45. Nc8+ Kc7 1/2-1/2

[Event "BL2-West 0102"]
[Site "Germany"]
[Date "2002.02.24"]
[Round "6.5"]
[White "Pirrot, Dieter"]
[Black "Meessen, Rudolf"]
[Result "1-0"]
[WhiteElo "2450"]
[BlackElo "2323"]
[PlyCount "119"]
[EventDate "2001.10.07"]
[Source "ChessBase"]
[SourceDate "2002.07.08"]

1. e4 e6 2. d4 d5 3. Nc3 Bb4 4. e5 c5 5. Qg4 Ne7 6. dxc5 Nbc6 7. Qxg7 Rg8 8. Qxh7 d4 9. a3 Qa5 10. Rb1 dxc3 11. Be3 cxb2+ 12. axb4 Qxb4+ 13. Bd2 Qxc5 14. f4 Bd7 15. Rxb2 Nxe5 16. Rxb7 Ng4 17. Nh3 Bc6 18. Rb3 O-O-O 19. Qxf7 Rxd2 20. Ba6+ Kc7 21. Kxd2 Rd8+ 22. Kc1 Be4 23. Rb2 Rb8 24. Ng5 Qe3+ 25. Kb1 Rxb2+ 26. Kxb2 Qb6+ 27. Kc1 Qe3+ 28. Kb2 Qd4+ 29. Kc1 Qa1+ 30. Kd2 Qa5+ 31. Kc1 Qa3+ 32. Kd1 Qd6+ 33. Ke1 Bf5 34. Bd3 Qb4+ 35. Kd1 Bxd3 36. cxd3 Qb1+ 37. Kd2 Qb2+ 38. Kd1 Ne3+ 39. Ke1 Nxg2+ 40. Kd1 Ne3+ 41. Ke1 Ng2+ 42. Kd1 Ne3+ 43. Ke1 N3f5 44. Rf1 a5 45. Nxe6+ Kd6 46. Ng5 Qc1+ 47. Kf2 Qxf4+ 48. Nf3 Qe3+ 49. Kg2 Qe2+ 50. Kg1 Qe3+ 51. Kh1 a4 52. Qf6+ Kd5 53. Qb2 Nc6 54. Qa2+ Kd6 55. Qa3+ Kd7 56. Qxa4 Qe2 57. Qd1 Qe3 58. Qd2 Qe6 59. Qf4 Qd5 60. Qe4 1-0